| 000 | 00493nam a2200193Ia 4500 | ||
|---|---|---|---|
| 005 | 20251020182616.0 | ||
| 008 | 200515s9999 xx 000 0 und d | ||
| 082 | _aSC/693.33/B23 | ||
| 100 | _aBARRIONUEVO DE MACHICAO, Raquel | ||
| 245 | 0 | _aConstrucciones con tierra en el PerĂº : investigaciones y experiencias | |
| 260 | _aLima | ||
| 260 | _cs.a. | ||
| 300 | _as.n. | ||
| 650 | _aADOBE | ||
| 650 | _aCONSTRUCCIONES EN TIERRA | ||
| 650 | _aQUINCHA | ||
| 650 | _aTAPIAL | ||
| 942 | _cLIB | ||
| 999 |
_c3495 _d3495 |
||